<?xml version="1.0" encoding="UTF-8"?>
<record
    xmlns:xsi="http://www.w3.org/2001/XMLSchema-instance"
    xsi:schemaLocation="http://www.loc.gov/MARC21/slim http://www.loc.gov/standards/marcxml/schema/MARC21slim.xsd"
    xmlns="http://www.loc.gov/MARC21/slim">

  <leader>01978nam a22002177a 4500</leader>
  <controlfield tag="001">8564</controlfield>
  <controlfield tag="003">FISKH</controlfield>
  <controlfield tag="005">20250930105642.0</controlfield>
  <controlfield tag="008">250930b        cb ||||| |||| 00| 0 eng d</controlfield>
  <datafield tag="040" ind1=" " ind2=" ">
    <subfield code="a">FISKH</subfield>
    <subfield code="b">eng</subfield>
    <subfield code="c">FISKH</subfield>
    <subfield code="d">FISKH</subfield>
  </datafield>
  <datafield tag="050" ind1=" " ind2=" ">
    <subfield code="a">LB1576 C85</subfield>
  </datafield>
  <datafield tag="082" ind1=" " ind2=" ">
    <subfield code="a">371</subfield>
  </datafield>
  <datafield tag="100" ind1=" " ind2=" ">
    <subfield code="a">Culham, Ruth </subfield>
  </datafield>
  <datafield tag="245" ind1=" " ind2=" ">
    <subfield code="a">The trait crate : </subfield>
    <subfield code="b">Teaching voice using Wolf! / </subfield>
    <subfield code="c">Ruth Culham</subfield>
  </datafield>
  <datafield tag="260" ind1=" " ind2=" ">
    <subfield code="a">New York : </subfield>
    <subfield code="b">Scholastic, </subfield>
    <subfield code="c">2007. </subfield>
  </datafield>
  <datafield tag="300" ind1=" " ind2=" ">
    <subfield code="a">15 pages : </subfield>
    <subfield code="b">color illustrations ; </subfield>
    <subfield code="c">28 cm</subfield>
  </datafield>
  <datafield tag="520" ind1=" " ind2=" ">
    <subfield code="a">Teaching writing just got easier and more effective because of these sturdy "crates." In them, teachers will find everything they need to help students use the six traits-ideas, organization, voice, word choice, sentence fluency, and conventions-improve their writing. Each crate contains an array of materials designed to engage students and enrich their writing experiences, including: * 6 high-interest picture books hand selected for each trait * 6 teaching guides filled with step-by-step lessons, graphic organizers, a scoring guide, and extension activities * Sing-along Trait Songs, a music CD containing lively, trait-specific songs to share with your students. Includes a "bonus track" on presentation. * 6 full-color 17" x 22" posters contain lyrics to the songs on the CD * Color-coded stickers for organizing classroom libraries and teaching materials * Using Picture Books to Teach Writing With the Traits: K-2, 112-page resource containing 18 step-by-step lessons and 150 annotations of new and classic books, organized by trait What's more, each crate comes with hanging folders--one for each trait--for easy, expandable storage for years to come. Kindergarten Picture Books Ideas: My Chair Organization: I Am America Voice: When Sophie Gets Really, Really Angry Word Choice:Mama Zooms Sentence Fluency: Charlie Parker Played Be Bop Conventions: No, David! For use with Grade K</subfield>
  </datafield>
  <datafield tag="650" ind1=" " ind2=" ">
    <subfield code="a">English </subfield>
    <subfield code="v">writing workshop</subfield>
  </datafield>
  <datafield tag="942" ind1=" " ind2=" ">
    <subfield code="2">ddc</subfield>
    <subfield code="c">BK</subfield>
    <subfield code="n">0</subfield>
  </datafield>
  <datafield tag="999" ind1=" " ind2=" ">
    <subfield code="c">8564</subfield>
    <subfield code="d">8564</subfield>
  </datafield>
  <datafield tag="952" ind1=" " ind2=" ">
    <subfield code="0">0</subfield>
    <subfield code="1">0</subfield>
    <subfield code="2">ddc</subfield>
    <subfield code="4">0</subfield>
    <subfield code="7">0</subfield>
    <subfield code="8">REF</subfield>
    <subfield code="a">001</subfield>
    <subfield code="b">001</subfield>
    <subfield code="c">LSHTK</subfield>
    <subfield code="d">2025-09-30</subfield>
    <subfield code="l">0</subfield>
    <subfield code="o">CUL 371 LB1576 C85 </subfield>
    <subfield code="p">2025-4445</subfield>
    <subfield code="r">2025-09-30 10:53:59</subfield>
    <subfield code="t">1</subfield>
    <subfield code="w">2025-09-30</subfield>
    <subfield code="y">BK</subfield>
  </datafield>
</record>
